00779nam a22001817a 4500003000900000008004100009040007100050082001800121100003400139245002900173260004600202300002600248505024800274650002600522650002100548650001200569650001600581AR-CdUCM190307b ||||| |||| 00| 0 spa d aMUNICIPALIDAD PROVINCIAL DEL CUSCOcBIBLIOTECA MUNICIPAL DEL CUSCO a868.42 /bF36 aFernandez de Moratin, Leandro aEl sí de las niñas / aBarcelona :bEdit. Ramón Sopena,c1965. a110 paginas ;c17 cm. aContenido: El si de la niñas y la literatura española -- La nueva corriente literaria : El teatro neoclásico -- La realidad representada y el autor -- Algunos juicios críticos sobre el autor y su obra -- Lineas generales de la obra ... aLiteratura española aTeatro español aMoratin aSiglo XVIII